Plachty objevují svět : pro čtenáře od 12 let /

Hlavní autor: Patočka, Václav
Jazyk: Čeština
Vydáno: Praha : Albatros, 1983
Vydání: 1. vyd.
Témata:
Externí odkaz: Digitalizovaný dokument
Fyzický popis: 206 s.
Knihy
Uloženo v:
LEADER 01069nam a22002772a 4500
001 000220082
003 CZ BrMZK
005 20101019081454.0
007 ta
008 970107s1983 xr f cze d
015 |a cnb000003401 
035 |a (OCoLC)39579600 
040 |a BOA001  |b cze 
100 1 |a Patočka, Václav  |7 jk01091921 
245 1 0 |a Plachty objevují svět :  |b pro čtenáře od 12 let /  |c Václav Patočka 
250 |a 1. vyd. 
260 |a Praha :  |b Albatros,  |c 1983 
300 |a 206 s. 
856 4 1 |u http://www.digitalniknihovna.cz/mzk/uuid/uuid:1c3660d0-bfd2-11e3-b110-005056827e51  |y Digitalizovaný dokument  |x NDK 
910 |a BOA001  |b PK-0096.319  |b 2-0866.719 
920 |a 000468659 
964 |a Plachetnice - dějiny - vyprávění pro mládež 
964 |a Mořeplavci vynikající - cesty objevné - vyprávění pro mládež 
990 |a BK 
996 7 |b 2619754433  |c 2-0866.719  |l MZK  |r Sklad / do 1 hodiny  |n 7  |w 000220082  |u 000020  |a 1  |e BOA001  |j MZK50  |s A 
996 7 |b 3119904592  |c PK-0096.319  |l MZK  |r Sklad / do 1 hodiny  |n 5  |w 000220082  |u 000010  |a 1  |e BOA001  |j MZK50  |s A